Quizzes
Events
Quiz Creation
Community
Videos
Private Events
Remove Ads
Sign In
Join for FREE
Feedback
Dark Mode
Quiz Categories
Sports
Geography
Music
Movies
Television
Just For Fun
Miscellaneous
History
Literature
Language
Science
Gaming
Entertainment
Religion
Holiday
For Kids
Quiz Lab
Recent
Popular Today
Quiz Kudos Today
Editor Picks
Curator Picks
Quizzes by...
Day
Popularity
Type
Ratings
Length
Year
Community
Subscriptions
Recent Discussions
Orange Saloon
Badges
Playlists
Quests
Create
Leaderboards
Showdown
Live 5
Trivia Bingo
Activity
Puzzle Library
Sporcle Events
Private Events
Virtual Trivia
Globe League
Become a Host
Pub Owners
SporcleCon
Opinionation
Our Games
Videos
Blog
Mobile Apps
Partnerships
Remove Ads and Go Orange
Feedback
Science
Computer
Plants
Astronomy
Chemistry
Elements
Math
Animal
Physics
Anatomy
Biology
Geology
General Science
Science
Computer
Plants
Astronomy
Chemistry
Elements
Math
Animal
Physics
Anatomy
Biology
Geology
General Science
Random Quiz
Search Sporcle
×
Quiz Lab
Quiz Lab
Science
ask
Type in answers that appear in a list
Type in answers that appear in a list
Classic
Best Score? Go Orange.
NJ Ask review - Environmental Science Stats
Can you name the NJ Ask review - Environmental Science?
By
Mrniemis
15m
64 Questions
66 Plays
66 Plays
66 Plays
Comments
Comments
Give Quiz Kudos
Give Quiz Kudos
-
- Ratings
hide this ad
Forced Order
Answers have to be entered in order
Answers have to be entered in order
Random Order
Randomize order of answers
Randomize order of answers
Replay
Link that replays current quiz
Next Quiz
Link to next quiz in quiz playlist
You Got
0%
They Got
Avg Score
12%
Avg Friend Score
Upgrade to see
Score Distribution
Jump to the score distribution portion of the page
Score
0/64
Timer
15:00
0
Plays Today
Question
Answer
% Correct
An _
_
_
_
_
_
_
_
_
_
_
consists of all the living and nonliving things that interact with one another within a given area
ecosystem
72.7%
The place where an organism lives and gets its food, shelter and other resources needed for survival is its
habitat
68.2%
the study of the interactions between living things and their inviroment
ecology
51.5%
A group of organisims of the same species living together in the same area is a
population
50%
A _
_
_
_
_
_
_
_
_
_
is made up of all the living organisims in an ecosystem
community
31.8%
all of the living and nonliving things with which an organism my interact is called an
environment
25.8%
10.6%
9.1%
9.1%
9.1%
9.1%
9.1%
9.1%
9.1%
9.1%
9.1%
9.1%
9.1%
9.1%
9.1%
9.1%
9.1%
9.1%
9.1%
9.1%
9.1%
9.1%
9.1%
9.1%
7.6%
7.6%
7.6%
Question
Answer
% Correct
7.6%
7.6%
7.6%
7.6%
7.6%
7.6%
7.6%
7.6%
7.6%
7.6%
7.6%
7.6%
7.6%
7.6%
7.6%
7.6%
7.6%
7.6%
7.6%
7.6%
7.6%
7.6%
7.6%
7.6%
7.6%
7.6%
7.6%
7.6%
7.6%
7.6%
Natural Resources
6.1%
3%
Quiz Playlist
Details
Report
Send in Message
Add To Playlist
Classic:
Type in answers that appear in a list
Forced Order:
Answers have to be entered in order
Random Order:
Randomize order of answers
Last Updated: Feb 16, 2017
Quiz Scoreboard
CHALLENGE
Sign Up to Join the Scoreboard
Show All
Scores
Hide
Comments
May contain spoilers
Recently Published
Street Fighter Characters
by Artimus82
Gaming
60s
9x9 Crossword: Cartoon Network
by jackfrog10
Miscellaneous
3m
College Basketball Coaching Resumes
by pancakes188
Sports
9m
More to Explore
Quiz From the Vault
Featured Blog Post
Where Did the Easter Bunny Come From?
hide this ad
You Might Also Like...
Tags
ask
Environmental
Review
Today's Top Quizzes in Science
Browse Science
hide this ad
Today's Top Quizzes in ask
Browse ask
Top Contributed Quizzes in Science
1
Quick Pick: Radians
2
The First 100 Digits of Pi
3
Quick Pick: 'CI-CJ' Animals
4
Elements In Images
5
perfect squares 1-25
6
One Thing in Common: Science
7
One Thing in Common: Science II
8
One Thing in Common: Animals
9
Science Jokes
10
One Thing in Common: Science III
Explore More
Trending Topics
Anime
Kpop
Disney
Harry Potter
NBA
Marvel
Crossword
Soccer
Song
WWE
Puzzle
Country
The Office
Pokémon
NFL
hide this ad
More By:
Mrniemis
Quiz
Plays
Rating
Category
Featured
Created
Word Ladder: Speaking
92,501
3.65
Just For Fun
May 4, 2010
Photosynthesis For Escape Room
45,012
3.00
Science
Jan 13, 2021
Winter Holiday Jokes for Breakout
35,816
2.74
Holiday
Dec 3, 2018
Cell Parts Speed Challenge for Breakout Box
24,806
Science
Jan 18, 2021
Human Body Parts Breakout box
15,619
1.63
Science
Jan 24, 2018
Go to Creator's Profile
Score Distribution
Quiz Creator Spotlight
Mrniemis
Follow
Send a Message
Quizzes Created
-
Created Quiz Play Count
-
More By This Creator
Popular Quizzes Today
1
Find the US States - No Outlines Minefield
2
Find the Countries of Europe - No Outlines Minefield
3
The Countries of the World
4
Find the US States
5
Risky Map Clicking: Biggest States A-Z
6
US States
7
Popular People in 1961
8
Movies - When Are They Set?
More Science Quizzes
Elemental Dinosaurs
Published
Trending Quizzes
Risky Map Clicking: Least Populous States A-Z
1-10 Letter G Words
Risky Map Clicking: Next State Alphabetically
Adjectives in 80s TV Shows
The Seven Year Switch: Catherine
Recently Updated
Leaping Animals
pecheneg
Reality TV Shows (A-Z)
bhenderson79
Rickey Henderson's Hall of Fame Teammates
pecheneg
Champions League XIs: Arsenal
pecheneg
Quick Pick: Celebrities in WWE's Hall of Fame
aduchscher
A-Z Keypad Blitz II
pecheneg
Multiple Oscar Actors
pecheneg
Mystery Phrase Blitz: Oscar 'Best Actors'
pecheneg
F. Scott Fitzgerald Novels
LTH
Pick 3 Villains
ddd62291
Trending Topics
Marvel
Disney
NBA
Kpop
Crossword
Anime
Harry Potter
Puzzle
The Office
NFL
Song
Pokémon
Country
WWE
Soccer
Your Account Isn't Verified!
In order to create a playlist on Sporcle, you need to verify the email address you used during registration. Go to your
Sporcle Settings
to finish the process.
Report this User
Report this user for behavior that violates our
Community Guidelines
.
Details:
Send Report
Go to the Sporcle.com Mobile Site →
Comments